00848naa#a2200193#i#4500001001600000005001700016011001400033100004100047101000800088102000700096200020500103210015500308215001100463608004500474675005900519700002400578700002400602856002800626RU\\bibl\11794920260502054350.6##a2500-4026##a20251230b2025####ek#y0rusy0150####ca0#aRUS##aRU1#aСИСТЕМООБРАЗУЮЩИЙ ФАКТОР АВТОМАТИЗАЦИИ ПРОЦЕССОВ УПРАВЛЕНИЯ В ОРГАНИЗАЦИОННЫХ СИСТЕМАХeЖурнальная статья1#aЖелезногорскcФГБОУ ВО Сибирская пожарно-спасательная академия ГПС МЧС Россииd2025##a10 с.##aЖурнальная статья2local##aНадёжность и точность. 004.052zRUS#1aГрачевgМ И#1aБурловgВ Г4#aapbt-sibpsa.editorum.ru